[Event "BAN-chT2"]
[Site "Dhaka"]
[Date "2022.07.18"]
[Round "1.4"]
[White "Kamal, Hossain"]
[Black "Ushaching, Kheyang"]
[Result "0-1"]
[WhiteElo "1133"]
[BlackElo "1755"]
[PlyCount "108"]
[EventDate "2022.07.18"]
[EventType "team-swiss"]
[EventRounds "9"]
[EventCountry "BAN"]
[SourceTitle "EXT 2023"]
[Source "ChessBase"]
[SourceDate "2022.10.05"]
[SourceVersion "1"]
[SourceVersionDate "2022.10.05"]
[SourceQuality "1"]
[WhiteTeam "Titas CC"]
[BlackTeam "Sadharan Bima Corporation"]
[WhiteTeamCountry "BAN"]
[BlackTeamCountry "BAN"]

1. e4 Nc6 2. Nf3 f5 3. exf5 d5 4. d4 Bxf5 5. Bb5 Qd6 6. Ne5 a6 7. Bxc6+ bxc6 8. Qh5+ g6 9. Qf3 Nf6 10. Bf4 Bxc2 11. 0-0 Be4 12. Qc3 Nh5 13. Bg3 Nxg3 14. fxg3 Bf5 15. Qxc6+ Qxc6 16. Nxc6 Bg7 17. Nc3 Kd7 18. Ne5+ Bxe5 19. dxe5 e6 20. Rf4 Rhf8 21. Rc1 g5 22. Rb4 Rab8 23. Rxb8 Rxb8 24. b3 a5 25. h3 Rb4 26. g4 Be4 27. Na4 Rd4 28. Nc5+ Ke7 29. Nxe4 Rxe4 30. Rxc7+ Kd8 31. Rxh7 Rxe5 32. h4 gxh4 33. Rxh4 Re4 34. g3 Re2 35. g5 Ke7 36. Ra4 Kf7 37. Rxa5 d4 38. Ra7+ Kg6 39. a4 d3 40. Rd7 d2 41. b4 Re1+ 42. Kf2 d1Q 43. Rxd1 Rxd1 44. b5 Ra1 45. Ke3 Rxa4 46. b6 Kxg5 47. b7 Rb4 48. g4 Kxg4 49. b8Q Rxb8 50. Ke4 Rb1 51. Ke5 Re1+ 52. Kd4 Kf3 53. Kc5 Rd1 54. Kc4 Ke3 0-1